Outro - M83 - All Lyrics - Statistics

General Stats
  • This quiz has been taken 14 times
  • The average score is 20 of 32
Answer Stats
Answer % Correct
and
80%
and
80%
forever,
80%
Now
80%
of
80%
of
80%
of
80%
I'm
70%
I'm
70%
king
70%
king!
70%
my
70%
my
70%
own
70%
the
70%
the
70%
Creatures
60%
land
60%
dance
50%
dreams
50%
end
50%
fight
50%
I'll
50%
me!
50%
raise
50%
tempests
50%
until
50%
up
50%
with
50%
your
50%
dust,
40%
Facing
40%
No matching quizzes found
Score Distribution
Percent of People with Each Score
Percentile by Number Answered
Your Score History
You have not taken this quiz